| 000 | 00359nam a2200145Ia 4500 | ||
|---|---|---|---|
| 008 | 191201s2009 xx 000 0 und d | ||
| 082 |
_a572.8 _bMAE |
||
| 100 | _aMALACINSKI,Grorgen | ||
| 245 | 0 | _aEssentials of Molecular Biology | |
| 250 | _a4th | ||
| 260 |
_aSudbury _bJones and bartlett pub. _c2009 |
||
| 300 | _a491 | ||
| 650 | _aApplied | ||
| 942 |
_2ddc _cBK |
||
| 999 |
_c4358 _d4358 |
||